| 000 | 01513cam a2200229 4500 | ||
|---|---|---|---|
| 001 | L136795 | ||
| 008 | 070223n2007 000 0 eng u | ||
| 035 | _a(Sirsi) u136795 | ||
| 041 | 0 | _aeng | |
| 050 | _a333.9164 $2 18 | ||
| 110 | 2 |
_aNatural England _95071 |
|
| 245 | 0 | 0 |
_aImproving coastal access _h[electronic resource] |
| 260 | _c2007 | ||
| 505 | 2 | _aPurpose -- Recommendations -- Background -- Summary findings from our evidence gathering -- The opportunity for Government -- Proposed strategic conclusions -- Primary legislation will be need to meet the Government's access aims -- Complementary work to improve to improve environmental interest on the coast -- Annex one The Government's published outcomes and assessment criteria -- Annex two Facts about current coastal access and coastal change -- Annex three Summary report of work in four selected study areas -- Annex four Summary report of market research -- Annex five Summary report of coastal access in other countries -- Annex six Summary report on costs of coastal access. | |
| 520 | _aSummarises the evidence base underpinning Natural England's advice to Government on improving coastal access in England. | ||
| 590 | _aKA NTK | ||
| 590 | _aKA | ||
| 651 | 4 |
_aEngland _y886- |
|
| 690 | _aPROPERTY-RURAL AND NATURAL ASSETS-RURAL AND NATURAL ASSET MANAGEMENT-COASTAL MANAGEMENT | ||
| 856 | 4 | 0 |
_uhttps://www.naturalengland.org.uk/press/releases2007/210207.htm _zView the paper free of charge at www.naturalengland.org.uk... |
| 942 | _n0 | ||
| 999 |
_c106507 _d106507 |
||